Sistema de información web para la gestión de relación entre la Plasencia Cigars y sus clientes

Desarrolla un sistema de información web para la gestión de relación entre Plassencia Cigars y sus clientes. Además aborda los reqerimientos funcionales y no funcionales del sistema, aplicando métodos de recopilación de información a involucrados; analiza la factibilidad técnica, operacional...

Full description

Bibliographic Details
Main Authors: Aráuz Cantarero, Jorshua Alberto, García Guido, Leynard Daniel, Rivera Sánchez, Alexander
Other Authors: Tutor: Poveda Ruiz, José Manuel
Format: Tesis Section = Libro
Language:Undetermined
Spanish
Published: Managua UNI/RUACS 2016
Subjects:
LEADER 01368nam a2200277Ia 4500
008 240830s9999 xx 000 0 und d
040 |a BIBLIOTECA-RUPAP Mon 005.3 A663 
041 |a spa 
082 |a Mon 005.3 A663 
100 1 |a Aráuz Cantarero, Jorshua Alberto 
100 1 |b  García Guido, Leynard Daniel 
100 1 |c  Rivera Sánchez, Alexander 
245 1 0 |a Sistema de información web para la gestión de relación entre la Plasencia Cigars y sus clientes 
260 |a Managua  |b UNI/RUACS  |c 2016 
300 |a 188 p. :il. 
500 |a Contiene: anexos y CD. 
502 |a Tesis (Ingeniero de Sistemas)- UNI, 2016. 
520 3 |a Desarrolla un sistema de información web para la gestión de relación entre Plassencia Cigars y sus clientes. Además aborda los reqerimientos funcionales y no funcionales del sistema, aplicando métodos de recopilación de información a involucrados; analiza la factibilidad técnica, operacional y económica de la implementación del sistema. El sistema utiliza como patrón el modelo de diseño UML base web engineering. 
650 7 |a APLICACION WEB 
650 7 |b PROGRAMA PARA COMPUTADOR 
650 7 |c SISTEMA DE ALMACENAMIENTO Y RECUPERACION DE LA INFORMACION 
650 7 |d DESARROLLO DE SOFTWARE 
700 1 |a Tutor:  |b Poveda Ruiz, José Manuel 
942 |c BK  |2 ddc 
991 |a TESIS 
999 |c 15306